000 00214 a2200109 4500
020 _a7441025501258
041 _aspa
100 _aAquileo Sanchez
245 _aLa Cosina Costarricense
942 _cBK
952 _71
999 _c25084
_d25084